Participants à l’Eurovision 2024 en images - Statistiques

Statistiques générales
  • Ce quiz a été pris 55 fois
  • Le résultat moyen est 19 sur 37
Statistiques - réponses
Par images Réponse % Correct
Slimane 🇫🇷
93%
NEMO 🇨🇭
85%
Baby Lasagna 🇭🇷
80%
Joost Klein 🇳🇱
70%
Bambie Thug 🇮🇪
68%
Angelina Mango 🇮🇹
65%
Dons 🇱🇻
65%
Eden Golan
63%
Mustii 🇧🇪
63%
Olly Alexander 🇬🇧
63%
TALI 🇱🇺
63%
LUNA 🇵🇱
60%
ISAAK 🇩🇪
58%
Kaleen 🇦🇹
58%
LADANIVA 🇦🇲
55%
Marcus & Martinus 🇸🇪
55%
SABA 🇩🇰
55%
Silvester Belt 🇱🇹
55%
Windows95man 🇫🇮
55%
Gåte 🇳🇴
53%
iolanda 🇵🇹
53%
Marina Satti 🇬🇷
53%
Nebulossa 🇪🇸
50%
Raiven 🇸🇮
50%
Aiko 🇨🇿
48%
MEGARA 🇸🇲
45%
TEYA DORA 🇷🇸
45%
BESA 🇦🇱
40%
Silia Kapsis 🇨🇾
35%
alyona alyona & Jerry Heil 🇺🇦
33%
Hera Björk 🇮🇸
33%
Natalia Barbu 🇲🇩
33%
Electric Fields 🇦🇺
30%
Nutsa Buzaladze 🇬🇪
30%
Sarah Bonnici 🇲🇹
25%
5MIINUST x Puuluup 🇪🇪
18%
FAHREE ft. Ilkin Dovlatov 🇦🇿
15%
Aucun quiz correspondant
Distribution des résultats
% des personnes avec chaque résultat
Percentile par nombre de réponses
Votre historique - résultats
Vous n’avez pas pris ce quiz